000 00483nam a2200169Ia 4500
008 240729s9999 xx 000 0 und d
022 _a2563-6960
245 0 _aJournal of the Academy of Business and Emerging Markets
260 _aCanada
260 _bAcademy of Business and Emerging Markets
650 _a Business
650 _a Commerce
650 _aSocial Sciences
856 _uhttps://doaj.org/toc/8aa4920a4061411da162da2eb1a99cc4
942 _2ddc
942 _cDOAJEJ
999 _c67096
_d67096
945 _a1
_bMadushi Gamage
_c1
_dMadushi Gamage